Об изменении постановления об акцизе с парфюмерных и косметических изделий

Доступно только в Электронных читальных залах Найти на картеНа карте
RUSMARC
00003720nac2a22002533x 450
001a702e96e-424f-4c84-9aa1-49ee2128867d
00520230718185914.0
100##$a20230613l19291929k y0rusy50 ca
1010#$arus
102##$aRU
105##$ay z |||||
1222#$ad19290729
$ad19290801
2001#$aОб изменении постановления об акцизе с парфюмерных и косметических изделий
$j29.07.1929 - 01.08.1929
215##$a4 листа
$d36,6 х 24,2
251##$cДело
300##$aВ деле обратная нумерация
300##$aМашинописный и рукописный текст
324##$aВ деле имеются копии отдельных документов
461#0$1001796d4672-8a00-4986-b488-6e42273792cc
$12001
$aЦЕНТРАЛЬНЫЙ ИСПОЛНИТЕЛЬНЫЙ КОМИТЕТ СССР (ЦИК СССР).
$1251
$cФонд
$1852
$gР
$j3316
462#0$10016e6e8ba4-e15f-4ad4-8937-f1e88c150bfe
$12001
$aДела Секретариата Президиума ЦИК Союза ССР. 1929 г.
$vД. 476
$1251
$cОпись
$1852
$j22
60101$3RU\NLR\AUTH\880357276
$aСССР
$bЦИК
801#0$aRU
$bGA_RF
801#1$aRU
$bГлавНИВЦ
$c20230613
$2rusmarc
801#2$aRU
$bПБ им. Б.Н. Ельцина
$c20230718
$gRCR
$2rusmarc
852##$aГА РФ
$j476
937##$d186612268
$hГАРФ
035##$aRuPRLIB51072484
856##$uhttp://readingroom.main.prlib.ru/item.aspx?id_node=n186612268&mode=full
Формат отображения